[Event "Landesklasse Ost 2025/26"]
[Site "?"]
[Date "2026.01.11"]
[Round "5.3"]
[White "Bunke, Wilfried"]
[Black "Künzel, Andre"]
[Result "1-0"]
[WhiteElo "1868"]
[BlackElo "1944"]
[WhiteFideId "-1"]
[BlackFideId "-1"]
[PlyCount "61"]
[GameId "553035194265"]
[EventDate "2025.09.14"]
[EventType "team-tourn"]
[EventRounds "9"]
[SourceTitle "Thueringer Schachbund"]
[Source "ThSB"]
[SourceDate "2025.09.14"]
[SourceVersion "1"]
[SourceVersionDate "2025.09.14"]
[SourceQuality "1"]
[WhiteTeam "SV Schott Jena 2"]
[BlackTeam "Schachklub Weida"]

{[%evp 0,61,56,56,5,44,13,-24,0,0,16,5,36,-6,25,26,29,-13,33,8,69,64,64,33,91,82,65,35,63,90,172,143,175,138,183,173,120,91,91,92,121,55,124,251,338,350,495,502,504,347,576,449,493,433,449,370,434,361,422,422,438,347,767,889]} 1. d4 d5 2. Nf3 Nf6 3. c4 e6 4. Nc3 Be7 5. Bg5 Nbd7 6. e3 O-O 7. cxd5 exd5 8. Qc2 Re8 9. Bd3 c6 10. O-O Nf8 11. Rab1 Ne4 12. Bxe7 Qxe7 13. b4 h5 14. b5 h4 15. bxc6 bxc6 16. Ne5 Nxc3 17. Qxc3 c5 18. Bb5 cxd4 19. exd4 Bd7 20. Bxd7 Nxd7 21. Rb7 Rac8 22. Qh3 Qg5 23. Qxd7 Rf8 24. Qg4 Qh6 25. h3 Qa6 26. Rbb1 Qh6 27. Nf3 Rc4 28. Rfd1 Rc2 29. Nxh4 Re8 30. Re1 Rec8 31. Nf5 1-0

[Event "Landesklasse Ost 2025/26"]
[Site "?"]
[Date "2026.01.11"]
[Round "5.4"]
[White "Schumann, Robert"]
[Black "Jordan, Gunter"]
[Result "1/2-1/2"]
[WhiteElo "1836"]
[BlackElo "1800"]
[WhiteFideId "-1"]
[BlackFideId "-1"]
[PlyCount "68"]
[GameId "553035546990"]
[EventDate "2025.09.14"]
[EventType "team-tourn"]
[EventRounds "9"]
[SourceTitle "Thueringer Schachbund"]
[Source "ThSB"]
[SourceDate "2025.09.14"]
[SourceVersion "1"]
[SourceVersionDate "2025.09.14"]
[SourceQuality "1"]
[WhiteTeam "Schachklub Weida"]
[BlackTeam "SV Schott Jena 2"]

{[%evp 0,68,28,33,8,13,22,21,19,-45,-31,-43,31,18,16,16,16,7,12,-28,-28,-28,-28,6,16,-7,13,-7,9,8,8,18,16,14,31,29,48,12,52,35,38,15,36,-10,-10,169,139,24,24,10,109,-26,-36,-43,-30,-62,-21,5,-25,-65,-55,-68,1,-94,-94,-94,-56,-56,-57,-69,-94]} 1. d4 d5 2. Nf3 Nf6 3. e3 Bf5 4. c4 e6 5. Nc3 c6 6. Bd3 Bxd3 7. Qxd3 Nbd7 8. O-O Bd6 9. e4 dxe4 10. Nxe4 Nxe4 11. Qxe4 Nf6 12. Qc2 h6 13. b3 O-O 14. Bb2 Qe7 15. Rad1 Rfd8 16. Rfe1 Rac8 17. Ne5 Bxe5 18. Rxe5 Qc7 19. Qe2 a6 20. Re3 b5 21. d5 cxd5 22. Bxf6 gxf6 23. Rg3+ Kf8 24. cxb5 Qc2 25. Qh5 axb5 26. Qxh6+ Ke7 27. Re1 Rc3 28. Rg7 Qf5 29. g4 Qf3 30. Qd2 Rdc8 31. g5 Qg4+ 32. Kh1 Qf3+ 33. Kg1 Qg4+ 34. Kh1 Qf3+ 1/2-1/2

[Event "Landesklasse Ost 2025/26"]
[Site "?"]
[Date "2026.01.11"]
[Round "5.5"]
[White "Seifert, Michael"]
[Black "Heine, Mario"]
[Result "1-0"]
[WhiteElo "1809"]
[BlackElo "1716"]
[WhiteFideId "-1"]
[BlackFideId "-1"]
[PlyCount "111"]
[GameId "553035824317"]
[EventDate "2025.09.14"]
[EventType "team-tourn"]
[EventRounds "9"]
[SourceTitle "Thueringer Schachbund"]
[Source "ThSB"]
[SourceDate "2025.09.14"]
[SourceVersion "1"]
[SourceVersionDate "2025.09.14"]
[SourceQuality "1"]
[WhiteTeam "SV Schott Jena 2"]
[BlackTeam "Schachklub Weida"]

{[%evp 0,111,33,22,22,-15,14,14,46,-2,6,-6,45,42,56,70,67,64,75,76,91,56,83,71,92,69,127,110,111,101,149,97,90,52,81,36,165,59,59,30,25,37,37,40,23,-11,10,4,-6,-36,1,-60,12,-21,3,-20,-6,6,37,0,20,7,5,5,-23,57,65,65,86,67,87,73,117,80,139,80,119,78,103,77,84,84,84,104,90,100,110,67,88,85,147,155,169,45,48,-1,95,84,261,190,261,282,282,275,307,307,471,354,360,321,321,165,195,195]} 1. Nf3 Nf6 2. g3 d6 3. d4 Nbd7 4. b3 c6 5. Bb2 Qc7 6. Bg2 e5 7. O-O Be7 8. c4 O-O 9. Nc3 Re8 10. Rc1 a6 11. Qc2 Nf8 12. h3 N6d7 13. Rfd1 Ne6 14. d5 Nef8 15. dxc6 bxc6 16. Na4 Rb8 17. Rd2 Nb6 18. Nc3 Ne6 19. Ba3 c5 20. e3 Bb7 21. Rcd1 g6 22. Ne4 Rbd8 23. Bb2 f5 24. Nc3 Rf8 25. a4 Rb8 26. Nd5 Nxd5 27. cxd5 Ng7 28. b4 Rbc8 29. b5 Qb6 30. Qc4 axb5 31. axb5 e4 32. Ne5 Rc7 33. Nc6 Bf6 34. Bxf6 Rxf6 35. Ra2 Rf8 36. Rda1 Rcf7 37. Bf1 Ne8 38. Ra7 Nc7 39. Qb3 Ra8 40. Rxa8+ Bxa8 41. Bc4 Bb7 42. Qa4 Bxc6 43. bxc6 Rf8 44. Qa7 Qxa7 45. Rxa7 Rc8 46. Ba6 Nxa6 47. Rxa6 Kf8 48. Ra7 Ke8 49. Rxh7 Kd8 50. Rd7+ Ke8 51. Rxd6 Rc7 52. Rxg6 Kf7 53. Rh6 Ke8 54. Rh8+ Ke7 55. Rh7+ Kd6 56. Rxc7 1-0

[Event "Landesklasse Ost 2025/26"]
[Site "?"]
[Date "2026.01.11"]
[Round "5.6"]
[White "Heine, Robert"]
[Black "Eichhorn, Mathilda"]
[Result "1/2-1/2"]
[WhiteElo "1561"]
[BlackElo "1629"]
[WhiteFideId "-1"]
[BlackFideId "-1"]
[PlyCount "65"]
[GameId "553036538758"]
[EventDate "2025.09.14"]
[EventType "team-tourn"]
[EventRounds "9"]
[SourceTitle "Thueringer Schachbund"]
[Source "ThSB"]
[SourceDate "2025.09.14"]
[SourceVersion "1"]
[SourceVersionDate "2025.09.14"]
[SourceQuality "1"]
[WhiteTeam "Schachklub Weida"]
[BlackTeam "SV Schott Jena 2"]

{[%evp 0,65,18,22,28,29,19,14,19,34,52,12,22,-4,8,-8,9,-69,-33,-14,-13,-13,-16,-33,-23,-28,-9,-40,-2,-7,-20,-20,-26,-54,-44,-53,-4,-3,31,-29,-19,-24,-34,-34,-14,-47,6,-2,-33,-36,75,0,-8,-24,-25,-42,38,-59,-6,-25,11,-46,-46,-46,-46,-31,-23,-41]} 1. d4 e6 2. Nf3 Nf6 3. e3 d5 4. Bd3 Be7 5. Nbd2 c5 6. c3 Nc6 7. O-O O-O 8. Qc2 b6 9. b3 Bb7 10. Bb2 Rc8 11. Qb1 h6 12. Re1 Re8 13. Ne5 Bd6 14. f4 a6 15. Rf1 b5 16. Rf3 c4 17. Bc2 cxb3 18. axb3 Ne7 19. h3 b4 20. e4 dxe4 21. Nxe4 Nxe4 22. Bxe4 Bxe4 23. Qxe4 bxc3 24. Bxc3 Ra8 25. Rf2 Qb8 26. Rb2 Rc8 27. Bd2 Qb6 28. Be3 Nf5 29. Nc4 Qd8 30. Nxd6 Qxd6 31. Bf2 Rd8 32. Rd2 Qb4 33. Rd3 1/2-1/2

[Event "Landesklasse Ost 2025/26"]
[Site "?"]
[Date "2026.01.11"]
[Round "5.7"]
[White "Nageler, Laurenz"]
[Black "Pillot, Franz"]
[Result "1-0"]
[WhiteElo "1600"]
[BlackElo "1321"]
[WhiteFideId "-1"]
[BlackFideId "-1"]
[PlyCount "69"]
[GameId "553037271485"]
[EventDate "2025.09.14"]
[EventType "team-tourn"]
[EventRounds "9"]
[SourceTitle "Thueringer Schachbund"]
[Source "ThSB"]
[SourceDate "2025.09.14"]
[SourceVersion "1"]
[SourceVersionDate "2025.09.14"]
[SourceQuality "1"]
[WhiteTeam "SV Schott Jena 2"]
[BlackTeam "Schachklub Weida"]

{[%evp 0,69,24,31,81,57,22,-9,27,27,78,61,144,78,85,50,9,9,23,-34,48,16,45,7,59,6,61,71,87,58,54,54,149,120,178,138,180,170,161,153,164,156,193,157,138,135,152,114,108,94,94,50,50,60,87,68,82,-20,21,-8,-40,-40,-18,-37,216,201,424,424,940,940,1271,1463]} 1. e4 c5 2. d4 cxd4 3. c3 e6 4. Nf3 Be7 5. cxd4 d6 6. Bd3 Nf6 7. e5 dxe5 8. dxe5 Nd5 9. a3 b6 10. O-O O-O 11. Qe2 Bb7 12. Rd1 Qc8 13. Bd2 Ba6 14. Nc3 Nxc3 15. Bxc3 Rd8 16. Bxh7+ Kh8 17. Rxd8+ Bxd8 18. Bd3 Bxd3 19. Qxd3 Na6 20. b4 Be7 21. Bb2 Qb7 22. Nd4 Nc7 23. Rd1 Rd8 24. Qh3+ Kg8 25. Rd3 Qe4 26. Qe3 Qg6 27. h3 Nd5 28. Qd2 Rc8 29. Rg3 Qb1+ 30. Kh2 Qe4 31. Qh6 Bf8 32. Nxe6 g6 33. Nxf8 Rxf8 34. e6 f6 35. Rxg6+ 1-0

[Event "Landesklasse Ost 2025/26"]
[Site "?"]
[Date "2026.01.11"]
[Round "5.8"]
[White "Lehmann, Volkhard"]
[Black "Vater, Rainer"]
[Result "0-1"]
[WhiteElo "1546"]
[BlackElo "1848"]
[WhiteFideId "-1"]
[BlackFideId "-1"]
[PlyCount "84"]
[GameId "553037596245"]
[EventDate "2025.09.14"]
[EventType "team-tourn"]
[EventRounds "9"]
[SourceTitle "Thueringer Schachbund"]
[Source "ThSB"]
[SourceDate "2025.09.14"]
[SourceVersion "1"]
[SourceVersionDate "2025.09.14"]
[SourceQuality "1"]
[WhiteTeam "Schachklub Weida"]
[BlackTeam "SV Schott Jena 2"]

{[%evp 0,84,32,24,29,14,57,8,13,34,67,-10,41,34,33,-7,17,-57,16,16,47,31,47,40,78,45,70,7,107,25,71,-60,-60,-60,-40,-60,-55,-76,-76,-78,-76,-72,-72,-105,-90,-127,-24,-63,-13,-54,12,-45,-40,-114,-75,-135,-178,-146,-139,-196,-183,-263,-252,-342,-387,-653,-297,-297,-329,-329,-329,-339,-323,-826,-826,-889,-656,-874,-874,-936,-780,-1060,-1053,-1040,-1048,-1847,-2110]} 1. d4 d5 2. Bf4 Bf5 3. e3 e6 4. Nd2 Bd6 5. Bg3 Bg6 6. Ngf3 Ne7 7. Ne5 Nd7 8. c3 f6 9. Nxg6 Nxg6 10. Nf3 Qe7 11. Bd3 f5 12. Qc2 Nf6 13. Ne5 Nh5 14. Bb5+ Kf8 15. Be2 Nxg3 16. hxg3 Bxe5 17. dxe5 Nxe5 18. f4 Nf7 19. O-O-O Nd6 20. g4 c6 21. g5 Kf7 22. Rh3 g6 23. Rdh1 Kg8 24. Qd1 b5 25. a3 Ne4 26. Rf3 a5 27. Rh6 b4 28. cxb4 axb4 29. a4 Qc5+ 30. Kb1 b3 31. Bd3 Qb4 32. Bxe4 Qxe4+ 33. Kc1 Qc4+ 34. Kd2 Rxa4 35. Rfh3 Ra2 36. Rxg6+ hxg6 37. Rxh8+ Kxh8 38. Qh1+ Kg8 39. Qb1 Qb4+ 40. Ke2 Qc3 41. Kf3 Rxb2 42. Qa1 Rf2+ 0-1

[Event "Thüringenliga 2025/26"]
[Site "?"]
[Date "2026.02.01"]
[Round "6.2"]
[White "Goemann, Jens"]
[Black "Kachel, Alfred"]
[Result "0-1"]
[WhiteElo "2025"]
[BlackElo "1835"]
[WhiteFideId "-1"]
[BlackFideId "-1"]
[PlyCount "43"]
[GameId "2274299074044571"]
[EventDate "2025.09.14"]
[EventType "team-tourn"]
[EventRounds "9"]
[SourceTitle "Thueringer Schachbund"]
[Source "ThSB"]
[SourceDate "2025.09.14"]
[SourceVersion "1"]
[SourceVersionDate "2025.09.14"]
[SourceQuality "1"]
[WhiteTeam "TSG Apolda"]
[BlackTeam "SC Rochade Leinefelde"]

{[%evp 0,43,18,-16,-15,-33,-44,-36,-35,-14,-34,-30,-24,-14,20,3,-6,1,-9,-6,-5,3,2,0,0,4,-15,24,66,66,53,72,85,22,59,54,61,30,43,46,49,45,48,28,38,-63]} 1. c4 e5 2. g3 Nf6 3. Bg2 Nc6 4. Nf3 d5 5. cxd5 Nxd5 6. O-O Be7 7. Nc3 Nb6 8. a3 O-O 9. b4 a6 10. d3 Be6 11. Bb2 f5 12. Rc1 Bf6 13. Nd2 Nd5 14. Na4 Bf7 15. Nc5 Qc8 16. Qa4 b5 17. Qc2 Nd4 18. Bxd4 exd4 19. Ndb3 Rb8 20. Qd2 Re8 21. Rfe1 Rb6 22. f4 0-1

[Event "Thüringenliga 2025/26"]
[Site "?"]
[Date "2026.02.01"]
[Round "6.3"]
[White "May, Alexander"]
[Black "Kroh, Christian"]
[Result "1-0"]
[WhiteElo "1903"]
[BlackElo "1870"]
[WhiteFideId "-1"]
[BlackFideId "-1"]
[PlyCount "167"]
[GameId "2274299074085532"]
[EventDate "2025.09.14"]
[EventType "team-tourn"]
[EventRounds "9"]
[SourceTitle "Thueringer Schachbund"]
[Source "ThSB"]
[SourceDate "2025.09.14"]
[SourceVersion "1"]
[SourceVersionDate "2025.09.14"]
[SourceQuality "1"]
[WhiteTeam "SC Rochade Leinefelde"]
[BlackTeam "TSG Apolda"]

{[%evp 0,164,18,10,32,32,27,16,31,25,16,29,19,13,20,16,14,8,19,14,19,19,21,21,27,20,11,7,27,10,13,12,12,3,11,0,-14,-7,-4,-13,50,37,42,10,35,20,44,42,44,44,41,24,14,14,15,8,49,13,8,8,89,84,158,145,143,110,110,110,108,101,101,94,103,94,114,136,199,120,195,172,186,157,158,166,164,166,166,140,161,156,170,140,157,140,172,146,162,159,160,152,160,165,173,165,169,152,257,167,175,162,162,166,159,159,166,174,171,171,191,183,171,171,207,231,231,218,237,237,242,242,242,242,242,242,297,307,315,321,333,349,350,359,390,390,410,411,419,417,416,417,1015,1012,1022,1022,1022,1022,1032,1032,1032,1032,25747,29968,29969,29972,29973,29972,29979]} 1. d4 d5 2. Nf3 Nf6 3. e3 c6 4. Bd3 Bg4 5. Nbd2 e6 6. h3 Bh5 7. b3 Bd6 8. Bb2 Nbd7 9. Qb1 Bg6 10. c4 O-O 11. O-O Re8 12. Ne5 Bxd3 13. Qxd3 Bf8 14. Ndf3 Ne4 15. Nxd7 Qxd7 16. Ne5 Qe7 17. f3 Ng3 18. Rfd1 Qh4 19. Bc3 Nh5 20. Be1 Qd8 21. b4 a6 22. a4 Nf6 23. c5 Nd7 24. Nxd7 Qxd7 25. b5 axb5 26. axb5 e5 27. b6 g6 28. Bg3 exd4 29. exd4 Bg7 30. Ra7 Rxa7 31. bxa7 Ra8 32. Bb8 Qd8 33. Qd2 Rxb8 34. axb8=R Qxb8 35. Rb1 Qc7 36. Kf1 Qe7 37. Qf4 h5 38. Re1 Qf6 39. Qxf6 Bxf6 40. Rd1 Kf8 41. Ke2 Ke8 42. Kd3 Kd7 43. Ra1 Bd8 44. Ra7 Kc7 45. Ra8 Kd7 46. f4 f6 47. Ke3 g5 48. fxg5 fxg5 49. Ra7 Kc7 50. Ra2 Kd7 51. Rb2 Kc8 52. h4 Kc7 53. Rf2 gxh4 54. Rf7+ Kc8 55. Rh7 b6 56. cxb6 Bxb6 57. Rxh5 Bd8 58. Rh7 Bg5+ 59. Kf3 Kd8 60. Rh5 Bf6 61. Rh6 Bxd4 62. Rxc6 Ke7 63. Kf4 Bf2 64. Ke5 d4 65. Rc7+ Kd8 66. Rf7 Bg3+ 67. Kxd4 Ke8 68. Rb7 Kf8 69. Ke4 Ke8 70. Kf5 Kf8 71. Kf6 Ke8 72. Kg5 Kf8 73. Rh7 Kg8 74. Rxh4 Bxh4+ 75. Kxh4 Kh8 76. Kg5 Kg7 77. g4 Kh7 78. Kf6 Kh6 79. g5+ Kh7 80. Kf7 Kh8 81. Kg6 Kg8 82. Kh6 Kh8 83. g6 Kg8 84. g7 1-0

[Event "Thüringenliga 2025/26"]
[Site "?"]
[Date "2026.02.01"]
[Round "6.4"]
[White "Maiwald, Harald"]
[Black "Körner, Jonas"]
[Result "1-0"]
[WhiteElo "1994"]
[BlackElo "1889"]
[WhiteFideId "-1"]
[BlackFideId "-1"]
[PlyCount "87"]
[GameId "2274299074126493"]
[EventDate "2025.09.14"]
[EventType "team-tourn"]
[EventRounds "9"]
[SourceTitle "Thueringer Schachbund"]
[Source "ThSB"]
[SourceDate "2025.09.14"]
[SourceVersion "1"]
[SourceVersionDate "2025.09.14"]
[SourceQuality "1"]
[WhiteTeam "TSG Apolda"]
[BlackTeam "SC Rochade Leinefelde"]

{[%evp 0,87,18,16,27,-24,0,-2,12,10,2,10,10,7,52,33,30,23,23,18,52,66,69,55,64,73,72,72,104,79,82,61,82,26,-7,18,4,6,8,9,1,-2,11,5,0,2,0,-7,2,-5,0,-14,-8,-8,-8,1,0,-5,44,36,32,0,63,80,50,71,62,66,82,78,189,207,232,182,216,202,222,210,236,265,435,384,640,665,924,1033,1276,1557,1820,1235]} 1. Nf3 Nf6 2. g3 c5 3. Bg2 Nc6 4. c4 e5 5. Nc3 d6 6. d3 g6 7. O-O Bg7 8. Ne1 O-O 9. Nc2 Ne8 10. Rb1 Rb8 11. b4 cxb4 12. Nxb4 Nxb4 13. Rxb4 Nc7 14. Be3 Na6 15. Rb5 b6 16. d4 Be6 17. Nd5 Bxd5 18. cxd5 exd4 19. Bxd4 Bxd4 20. Qxd4 Qd7 21. Rbb1 Rbc8 22. Rfc1 Rxc1+ 23. Rxc1 Re8 24. Bf3 Nc5 25. Kg2 Qe7 26. Rc4 Qg5 27. h4 Qe7 28. h5 gxh5 29. Qd2 Qf6 30. Rf4 Qe5 31. Rh4 Qf6 32. Rxh5 Re5 33. Rh6 Qe7 34. Qf4 f6 35. Rxf6 Nd7 36. Rh6 Nf8 37. Qg4+ Rg5 38. Qc8 Kg7 39. Rh4 Ng6 40. Rc4 Kh6 41. Rc7 Nf4+ 42. Kf1 Qf6 43. gxf4 Rf5 44. Qd7 1-0

[Event "Thüringenliga 2025/26"]
[Site "?"]
[Date "2026.02.01"]
[Round "6.5"]
[White "Meitzner, Johan Eduard"]
[Black "Rohmeiß, Roberto"]
[Result "0-1"]
[WhiteElo "1578"]
[BlackElo "1968"]
[WhiteFideId "-1"]
[BlackFideId "-1"]
[PlyCount "120"]
[GameId "2274299074163358"]
[EventDate "2025.09.14"]
[EventType "team-tourn"]
[EventRounds "9"]
[SourceTitle "Thueringer Schachbund"]
[Source "ThSB"]
[SourceDate "2025.09.14"]
[SourceVersion "1"]
[SourceVersionDate "2025.09.14"]
[SourceQuality "1"]
[WhiteTeam "SC Rochade Leinefelde"]
[BlackTeam "TSG Apolda"]

{[%evp 0,120,18,18,27,1,3,24,21,7,28,27,24,22,39,26,26,22,38,39,35,33,45,31,40,27,50,27,45,26,65,49,63,59,68,80,146,79,77,55,41,48,40,40,42,42,40,35,48,56,51,45,54,51,49,57,56,46,56,56,57,57,56,47,57,56,65,18,0,0,31,-64,-74,-75,-91,-118,-112,-144,-142,-122,-127,-128,-143,-143,-144,-176,-188,-215,-208,-213,-213,-272,-290,-322,-377,-422,-450,-458,-458,-491,-499,-543,-552,-584,-651,-767,-827,-993,-1075,-1214,-1270,-1352,-1015,-1563,-1636,-2253,-2089,-29991,-29988,-29989,-29990,-29991,-29992]} 1. Nf3 Nf6 2. g3 g6 3. Bg2 Bg7 4. d4 d6 5. O-O O-O 6. c4 Nbd7 7. Nc3 c5 8. b3 a6 9. Bb2 Rb8 10. a4 b6 11. Qc2 Bb7 12. d5 Re8 13. e4 Qc7 14. Nd2 Nf8 15. f4 e6 16. Rae1 exd5 17. exd5 Ng4 18. Nd1 f5 19. Nf3 Bxb2 20. Qxb2 Qg7 21. Qxg7+ Kxg7 22. h3 Nf6 23. Nc3 h6 24. Kf2 Kf7 25. Nh4 Rxe1 26. Rxe1 Re8 27. Rxe8 Kxe8 28. Kf3 Bc8 29. Bf1 Kf7 30. Bd3 Bd7 31. Ke3 Nh5 32. Kf3 Kf6 33. g4 Nxf4 34. Bxf5 Nxh3 35. Bxd7 Ng5+ 36. Kf4 Nxd7 37. Ng2 Ne5 38. Ne1 h5 39. gxh5 gxh5 40. Nd1 Ng6+ 41. Ke3 h4 42. Nf2 Kf5 43. Nf3 Nxf3 44. Kxf3 Ne5+ 45. Kg2 Kf4 46. Kh3 Kf3 47. Nd1 Ke2 48. Nc3+ Kd3 49. Nd1 Kc2 50. Ne3+ Kxb3 51. Nf5 Nxc4 52. Kxh4 Kxa4 53. Kg4 b5 54. Kf4 b4 55. Ke4 b3 56. Kd3 b2 57. Nd4 cxd4 58. Kc2 Ka3 59. Kb1 Nd2+ 60. Kc2 b1=Q+ 0-1

[Event "Thüringenliga 2025/26"]
[Site "?"]
[Date "2026.02.01"]
[Round "6.6"]
[White "Stolz, Markus"]
[Black "Frank, Thomas"]
[Result "1/2-1/2"]
[WhiteElo "1721"]
[BlackElo "1831"]
[WhiteFideId "-1"]
[BlackFideId "-1"]
[PlyCount "32"]
[GameId "2274299074200223"]
[EventDate "2025.09.14"]
[EventType "team-tourn"]
[EventRounds "9"]
[SourceTitle "Thueringer Schachbund"]
[Source "ThSB"]
[SourceDate "2025.09.14"]
[SourceVersion "1"]
[SourceVersionDate "2025.09.14"]
[SourceQuality "1"]
[WhiteTeam "TSG Apolda"]
[BlackTeam "SC Rochade Leinefelde"]

{[%evp 0,32,18,27,27,-11,15,14,-6,10,4,0,3,11,9,10,7,-1,-6,1,0,-11,-13,-7,-1,-3,5,6,25,9,15,7,5,-6,2]} 1. Nf3 d5 2. b3 c5 3. Bb2 Nc6 4. e3 e6 5. Be2 Nf6 6. O-O Be7 7. d4 cxd4 8. exd4 O-O 9. Nbd2 b6 10. a3 Bb7 11. Bd3 Rc8 12. Re1 Re8 13. Qe2 Bf8 14. Ne5 Nxe5 15. dxe5 Nd7 16. b4 a5 1/2-1/2

[Event "Thüringenliga 2025/26"]
[Site "?"]
[Date "2026.02.01"]
[Round "6.7"]
[White "Hellrung, Bernhard"]
[Black "Krug, Klaus-Peter"]
[Result "1/2-1/2"]
[WhiteElo "1736"]
[BlackElo "1814"]
[WhiteFideId "-1"]
[BlackFideId "-1"]
[PlyCount "87"]
[GameId "2274299074241184"]
[EventDate "2025.09.14"]
[EventType "team-tourn"]
[EventRounds "9"]
[SourceTitle "Thueringer Schachbund"]
[Source "ThSB"]
[SourceDate "2025.09.14"]
[SourceVersion "1"]
[SourceVersionDate "2025.09.14"]
[SourceQuality "1"]
[WhiteTeam "SC Rochade Leinefelde"]
[BlackTeam "TSG Apolda"]

{[%evp 0,87,18,34,49,17,67,56,49,49,33,22,80,60,53,50,63,69,63,23,22,22,60,59,95,104,80,91,69,76,65,68,68,53,57,75,62,59,98,93,94,84,111,67,66,59,62,37,37,36,34,26,40,35,36,31,31,17,35,35,57,47,82,74,98,69,73,83,81,84,77,80,90,88,159,71,85,85,84,74,126,80,80,81,91,86,83,77,91,36]} 1. e4 c5 2. c3 b6 3. d4 e6 4. Nf3 Bb7 5. Bd3 d6 6. O-O Nd7 7. Qe2 Ne7 8. Bg5 h6 9. Bf4 Ng6 10. Bg3 e5 11. dxe5 dxe5 12. Na3 a6 13. Nc4 Qc7 14. Ne3 Be7 15. Nd5 Qd6 16. c4 O-O 17. Rad1 Bxd5 18. exd5 Nf4 19. Bxf4 exf4 20. Rfe1 Rae8 21. Qc2 Bf6 22. h3 Ne5 23. Be4 g6 24. b3 Bg7 25. Nxe5 Bxe5 26. Bf3 Qf6 27. Qd3 Bd4 28. Re2 Rxe2 29. Qxe2 Qd8 30. Qe4 Re8 31. Qxf4 Kg7 32. g3 Be5 33. Qd2 Qf6 34. Kg2 Bc3 35. Qd3 h5 36. h4 Qe5 37. a4 f5 38. Rc1 Bd4 39. Rd1 Bc3 40. Rc1 Bd4 41. Rc2 Qd6 42. Re2 Re5 43. Rxe5 Qxe5 44. Qe2 1/2-1/2

[Event "Thüringenliga 2025/26"]
[Site "?"]
[Date "2026.02.01"]
[Round "6.8"]
[White "Bodling, Florian"]
[Black "Pfitzenreuter, Gerald"]
[Result "1/2-1/2"]
[WhiteElo "1865"]
[BlackElo "1852"]
[WhiteFideId "-1"]
[BlackFideId "-1"]
[PlyCount "93"]
[GameId "2274299074282145"]
[EventDate "2025.09.14"]
[EventType "team-tourn"]
[EventRounds "9"]
[SourceTitle "Thueringer Schachbund"]
[Source "ThSB"]
[SourceDate "2025.09.14"]
[SourceVersion "1"]
[SourceVersionDate "2025.09.14"]
[SourceQuality "1"]
[WhiteTeam "TSG Apolda"]
[BlackTeam "SC Rochade Leinefelde"]

{[%evp 0,93,39,27,27,27,27,9,-2,-9,3,2,-1,-10,-11,-6,22,-5,41,-33,-4,-3,10,-16,-13,-19,8,8,11,9,3,-28,32,-12,25,47,55,56,104,102,110,118,103,139,153,108,115,102,179,160,182,186,181,130,171,180,180,151,213,174,195,192,253,259,295,302,316,311,395,354,355,297,317,332,315,208,200,149,161,172,184,137,133,137,133,155,159,154,206,167,175,183,203,161,157,150]} 1. d4 d5 2. Nf3 Nf6 3. e3 Bf5 4. Be2 c6 5. O-O Nbd7 6. c4 e6 7. Nc3 Be7 8. a3 O-O 9. b4 Ne4 10. Bb2 Bf6 11. Qb3 dxc4 12. Bxc4 Nd6 13. Be2 Qe7 14. Rac1 Rfd8 15. Na4 Be4 16. Nd2 Bd5 17. Qc2 e5 18. e4 Be6 19. f4 exd4 20. e5 Nxe5 21. fxe5 Bxe5 22. Bd3 g6 23. Nf3 Bg7 24. Bxd4 Bxd4+ 25. Nxd4 Bd5 26. Rce1 Qg5 27. Nf3 Qf6 28. Nc3 Be6 29. Ne4 Nxe4 30. Bxe4 Bd5 31. Bxd5 cxd5 32. Ne5 Qb6+ 33. Kh1 Rac8 34. Qd2 Rc7 35. Qg5 Rf8 36. Ng4 f5 37. Nh6+ Kh8 38. Re7 Rxe7 39. Qxe7 Qf6 40. Re1 d4 41. g4 fxg4 42. Qxf6+ Rxf6 43. Nxg4 Rf3 44. Rd1 Rf4 45. Ne5 Kg7 46. Nd3 Rf3 47. Kg2 1/2-1/2

[Event "Thüringenliga 2025/26"]
[Site "?"]
[Date "2026.02.01"]
[Round "6.1"]
[White "Ziganshin, Ainur"]
[Black "Kölsch, Maximilian"]
[Result "1-0"]
[WhiteElo "2234"]
[BlackElo "2170"]
[WhiteFideId "-1"]
[BlackFideId "-1"]
[PlyCount "65"]
[GameId "2274299220112080"]
[EventDate "2025.09.14"]
[EventType "team-tourn"]
[EventRounds "9"]
[SourceTitle "Thueringer Schachbund"]
[Source "ThSB"]
[SourceDate "2025.09.14"]
[SourceVersion "1"]
[SourceVersionDate "2025.09.14"]
[SourceQuality "1"]
[WhiteTeam "Ilmenauer SV"]
[BlackTeam "Erfurter SK 2"]

{[%evp 0,49,19,28,50,62,64,32,47,36,81,27,51,38,97,77,78,76,69,78,79,78,67,62,55,51,58,63,67,64,88,90,89,50,42,186,195,195,201,174,203,-20,8,0,0,-47,27,38,125,-16,619,619]} 1. e4 c5 2. Nf3 e6 3. d4 cxd4 4. Nxd4 a6 5. c4 Qc7 6. Nc3 d6 7. Be2 Nd7 8. O-O Ngf6 9. f4 Be7 10. Be3 b6 11. b4 Bb7 12. Qd3 Rc8 13. Rac1 Qb8 14. a3 Bd8 15. g4 h6 16. h4 g5 17. Nxe6 fxe6 18. e5 Rg8 19. exf6 gxh4 20. Bd4 Nxf6 21. Qe3 e5 22. g5 Be7 23. Rce1 Qc7 24. fxe5 Ng4 25. Bxg4 Rxg5 26. Qf4 Kd8 27. exd6 Qxd6 28. Qxd6+ Bxd6 29. Bf6+ Kc7 30. Bxg5 Rg8 31. Rf5 Bc8 32. Rf7+ Kb8 33. Bxc8 1-0

[Event "Thüringenliga 2025/26"]
[Site "?"]
[Date "2026.02.01"]
[Round "6.2"]
[White "Seinsoth, Paul"]
[Black "Eichenauer, Pascal"]
[Result "1-0"]
[WhiteElo "2031"]
[BlackElo "2017"]
[WhiteFideId "-1"]
[BlackFideId "-1"]
[PlyCount "69"]
[GameId "2274299220157137"]
[EventDate "2025.09.14"]
[EventType "team-tourn"]
[EventRounds "9"]
[SourceTitle "Thueringer Schachbund"]
[Source "ThSB"]
[SourceDate "2025.09.14"]
[SourceVersion "1"]
[SourceVersionDate "2025.09.14"]
[SourceQuality "1"]
[WhiteTeam "Erfurter SK 2"]
[BlackTeam "Ilmenauer SV"]

1. e4 e5 2. Nf3 Nc6 3. Bc4 Nf6 4. d3 Bc5 5. c3 O-O 6. O-O d6 7. Re1 h6 8. a4 a6 9. h3 Re8 10. b4 Bb6 11. Nbd2 Be6 12. Bxe6 Rxe6 13. Nc4 Ba7 14. Be3 Bxe3 15. Nxe3 d5 16. Nf5 Re8 17. Qb3 Qd7 18. Rad1 Qe6 19. Ng3 Rad8 20. b5 axb5 21. Qxb5 b6 22. d4 Nxe4 23. Nxe4 dxe4 24. d5 Qg6 25. Nh4 Qg5 26. Qxc6 Qxh4 27. Qxc7 Rc8 28. Qxb6 Rxc3 29. a5 Rd3 30. Qb5 Ra8 31. Rxd3 exd3 32. Qxd3 Rxa5 33. d6 Ra4 34. Rc1 Qd8 35. Qf5 1-0